000 00428nam a2200157Ia 4500
005 20250424120318.0
008 250424s9999 xx 000 0 und d
022 _a07478763
050 _aTK 5103 .O87/
245 0 _aOSP broadband solutions for the network’s edge
260 _bPractical Communications, Inc.
260 _c2006
300 _a34 p. : ill. ; 28 cm.
650 _aComputer science--Periodicals
942 _cSR
999 _c38595
_d38595